000 00595nam a22002052 4500
001 0000009704
005 20151217155842.0
008 081119s xx 000 0 eng d
040 _aKABU
_cKABU
100 1 _aMair, L. P.
_@0000161450
245 1 0 _aNative policies in Africa /
_cL. P. Mair.
250 _a1st ed.
260 _aLondon :
_bRoutledge,
_c1936.
300 _axi, 303 p.
650 0 _aIndegenous people
_zAfrica.
_@0000161451
651 0 _aAfrica
_xColonization.
_@0000161452
852 1 _9p500 KES
908 _a081119
950 _@1
999 _c13237
_d13237